Pentecostalismo y liberación: una experiencia latinoamericana /
Uloženo v:
| Hlavní autor: | |
|---|---|
| Korporativní autor: | |
| Další autoři: | |
| Médium: | Text |
| Vydáno: |
San José:
CEPLA
|
| Tagy: |
Přidat tag
Žádné tagy, Buďte první, kdo vytvoří štítek k tomuto záznamu!
|
MARC
| LEADER | 00000 a a2200000 04500 | ||
|---|---|---|---|
| 001 | 25738 | ||
| 003 | |||
| 040 | |||
| 020 | |a 9977-83-059-2 | ||
| 090 | |a 173600 | ||
| 100 | |a Alvarez, Carmelo | ||
| 110 | |a CEPLA | ||
| 245 | |a Pentecostalismo y liberación: una experiencia latinoamericana / |c Carmelo Alvarez | ||
| 260 | |a San José: |b CEPLA | ||
| 300 | |a 260 p. | ||
| 700 | |a ed. | ||
| 999 | |c 6168 |d 6168 | ||



